Nuclear technologies, information & isotope products (Record no. 37410)
[ view plain ]
| 000 -LEADER | |
|---|---|
| fixed length control field | 00507nam a22001577a 4500 |
| 008 - FIXED-LENGTH DATA ELEMENTS--GENERAL INFORMATION | |
| fixed length control field | 230531b |||||||| |||| 00| 0 eng d |
| 040 ## - CATALOGING SOURCE | |
| Original cataloging agency | National Science Library |
| Transcribing agency | National Science Library |
| 080 ## - UNIVERSAL DECIMAL CLASSIFICATION NUMBER | |
| Universal Decimal Classification number | 621.039 |
| Item number | N8.1 |
| 245 ## - TITLE STATEMENT | |
| Title | Nuclear technologies, information & isotope products |
| Statement of responsibility, etc. | / Department of Atomic Energy |
| 260 ## - PUBLICATION, DISTRIBUTION, ETC. | |
| Field link and sequence number | Bombay: |
| Place of publication, distribution, etc. | Department of Atomic Energy, |
| Name of publisher, distributor, etc. | 1998 |
| 300 ## - PHYSICAL DESCRIPTION | |
| Extent | 159p. |
| 500 ## - GENERAL NOTE | |
| General note | Vol. 1; 159p.<br/>Vol. 2; 159p. |
| 650 ## - SUBJECT ADDED ENTRY--TOPICAL TERM | |
| Topical term or geographic name entry element | Science |
| 653 ## - INDEX TERM--UNCONTROLLED | |
| Uncontrolled term | Research |
| 942 ## - ADDED ENTRY ELEMENTS (KOHA) | |
| Source of classification or shelving scheme | Universal Decimal Classification |
| Koha item type | Books |
| Withdrawn status | Lost status | Source of classification or shelving scheme | Damaged status | Not for loan | Home library | Current library | Shelving location | Date acquired | Serial Enumeration / chronology | Total Checkouts | Full call number | Barcode | Date last seen | Price effective from | Koha item type |
|---|---|---|---|---|---|---|---|---|---|---|---|---|---|---|---|
| Universal Decimal Classification | National Science Library | National Science Library | GF/Rk-12/C-22/R-3 | 07/04/1998 | Vol. 1; 159p. | 621.039 N8.1 | 177796 | 31/05/2023 | 07/04/1998 | Books | |||||
| Universal Decimal Classification | National Science Library | National Science Library | GF/Rk-12/C-22/R-3 | 07/04/1998 | Vol. 2; 159p. | 621.039 N8.2 | 177797 | 31/05/2023 | 07/04/1998 | Books |